000 00826nam a22002297a 4500
003 UA-OsUOA
001 43684
007 ta
008 20091022b un ||||| |||| 00| 0 ukr d
100 _aПоліщук Володимир
090 _a94(477).03
_bП50
942 _cBK
040 _aUA-OsUOA
_bukr
_cUA-OsUOA
_dUA-OsUOA
245 _aКнязі Масальські на Волині у XVI т. за документами Державного Історичного Архіву Литви
_bРуська титулована знать у просторі Великого Князівства Литовського
300 _a100 с.
955 _a1
041 _aukr
080 _a94(477).03
260 _aК.
_c2007
650 7 _a9 Географія. Біографії. Історія
_2UDC
999 _c442160
_d442160